Online Catalogue and eLibrary

Meeting the challenge : (Record no. 2948)

MARC details
000 -LEADER
fixed length control field 00436nam a2200169Ia 4500
005 - DATE AND TIME OF LATEST TRANSACTION
control field 20240605004256.0
008 - FIXED-LENGTH DATA ELEMENTS--GENERAL INFORMATION
fixed length control field 240331s9999 xx 000 0 und d
020 ## - INTERNATIONAL STANDARD BOOK NUMBER
ISBN 0415922496
082 ## - DDC Classification
Item Number - Author Mark MEE
Class No. 370
245 #0 - TITLE STATEMENT
Title Meeting the challenge :
Remainder of title innovative feminist pedagogies in action
260 ## - PUBLICATION, DISTRIBUTION, ETC.
Place of publication, distribution, etc. New York
Name of publisher, distributor, etc. Routledge
Date of publication, distribution, etc. 1999
300 ## - PHYSICAL DESCRIPTION
Extent (e.g. Volumes, Pages etc.) xix,354 p.,
650 ## - SUBJECT ADDED ENTRY--TOPICAL TERM
Topical term or geographic name entry element Feminism
700 ## - ADDED ENTRY--PERSONAL NAME
Personal name Mayberry, M.
700 ## - ADDED ENTRY--PERSONAL NAME
Personal name Rose,E.
942 ## - Koha item type (Biblio)
Koha item type Books in Stacks (Lending)
Holdings
Lost status Damaged status Collection code Home library Current library Shelving location Date acquired Full call number Accession Number Item type
    Lending WERC Library WERC Library Social Science Cupboard 03/31/2024 370.11 MEE 4332 Books in Stacks (Lending)

© WERC Library